000 01318nac a22003131i 4500
003 EG-ScBUE
005 20250316100416.0
008 250316s2002 enka f b 001 0 eng d
020 _a9780198525226
020 _a0198525222 (pbk. : acid-free paper)
040 _aEG-ScBUE
_beng
_erda
_cEG-ScBUE
_dEG-ScBUE
082 0 4 _a530.12
_bRAM
_222
100 1 _aRam-Mohan, L. Ramdas,
_eauthor.
245 1 0 _aFinite element and boundary element applications in quantum mechanics /
_cL. Ramdas Ram-Mohan, Worcester Polytechnic Institute, Worcester, Massachusetts.
264 1 _aOxford ;
_aNew York :
_bOxford University Press,
_c2002.
300 _axviii, 605 pages :
_billustrations ;
_c24 cm.
336 _2rdacontent
_atext
_btxt
337 _aunmediated
_2rdamedia
_bn
338 _avolume
_bnc
_2rdacarrier
490 0 _aOxford texts in applied engineering mathematics
504 _aIncludes bibliographical references and index.
650 7 _aFinite element method.
_2BUEsh
650 7 _aBoundary element methods.
_2BUEsh
650 7 _aQuantum theory.
_2BUEsh
655 _vReading book
856 4 2 _3Publisher description
_uhttp://www.loc.gov/catdir/enhancements/fy0613/2002029011-d.html
856 4 2 _3Table of contents only
_uhttp://www.loc.gov/catdir/enhancements/fy0613/2002029011-t.html
942 _cBB
_2ddc
999 _c8541
_d8541